| 000 | 01437cam a22003854a 4500 | ||
|---|---|---|---|
| 001 | 14943309 | ||
| 003 | EG-ScBUE | ||
| 005 | 20220625102913.0 | ||
| 006 | m||||fq||h 00| 0 | ||
| 008 | 070727s2008 enka f 000 0 eng d | ||
| 020 | _a9781405884426 ( Pack) | ||
| 020 | _a9781405867887 (CD- Rom) | ||
| 040 |
_aDLC _beng _erda _cDLC _dEG-ScBUE |
||
| 082 | 0 | 4 |
_222 _a863.3 _bCER |
| 100 | 1 |
_aCervantes Saavedra, Miguel de, _d1547-1616, _eauthor. _98280 |
|
| 245 | 1 | 0 |
_aDon Quixote : _cMiguel de Cervantes ; retold by Nancy Taylor. |
| 264 | 1 |
_aHarlow, England : _bPearson Education Limited, _c2008. |
|
| 300 |
_aiv, 57 pages : _bcolor illustrations ; _c21 cm + _e2 CD |
||
| 336 |
_2rdacontent _atext _btxt |
||
| 336 |
_2rdacontent _asounds _bsnd |
||
| 337 |
_2rdamedia _aunmediated _bn |
||
| 337 |
_2rdamedia _aaudio _bs |
||
| 338 |
_2rdacarrier _avolume _bnc |
||
| 338 |
_2rdacarrier _acomputer disc _bcd |
||
| 490 | 0 |
_aPenguin active reading ; _vlevel 2 |
|
| 500 | _aLevel 2, 600 headwords, Elementary"-- Cover | ||
| 600 | 0 | 7 |
_aQuixote, _cDon (Fictitious character) _vFiction. _2BUEsh |
| 650 | 7 |
_aKnights and knighthood _zSpain _vFiction. _2BUEsh _98281 |
|
| 651 | _2BUEsh | ||
| 653 | _bHHUUEENN | ||
| 655 |
_vReading book _934232 |
||
| 700 | 1 |
_aTaylor, Nancy, _econtributor. _98282 |
|
| 942 |
_2ddc _cBB |
||
| 999 |
_c12488 _d12488 |
||